000 00433nam a22001697a 4500
005 20250911121505.0
008 250910b |||||||| |||| 00| 0 eng d
020 _a978-93-71260-21-3
041 _aeng
082 _a657.48 TAX-T
100 _aTAXMANN
_98463
245 _aTAXMANN'S INDIAN ACCOUNTING STANDARDS [IND.AS] 7TH ED. 2025
260 _aNEW DELHI
_bTAXMANN
_c2025
300 _a147;P
650 _aMANAGEMENT
942 _cBK
999 _c8817
_d8815